000 00751nam a22002177a 4500
999 _c404
_d404
003 AR-CdUCM
008 190223b ||||| |||| 00| 0 spa d
040 _aMUNICIPALIDAD PROVINCIAL DEL CUSCO
_cBIBLIOTECA MUNICIPAL DEL CUSCO
041 _hita
082 _a800.81 /
_bPN 20
100 _aDeledda, Grazia
_91612
245 _aObras Escogidas
260 _aEspaña :
_bAguilar ;
_c1958.
300 _a1191 páginas
_c18cm
440 _aBiblioteca Premios Novel
_91494
505 _aPalomas y gavilanes -- Las culpas ajenas -- Mariana Sirca El incendio del olivar -- El Dios de los vivos -- El pueblo del viento
650 _aLiteratura Universal
_9611
650 _aLiteratura Premio Novel
_91613
942 _2ddc
_cLIBROS
945 _anom
_d2019-02-23